000 00691nam a2200205Ia 4500
008 240729s9999 xx 000 0 und d
022 _a1899-8852
245 0 _aJournal of Telecommunications and Information Technology
260 _aPoland
260 _bNational Institute of Telecommunications
650 _a Electrical engineering. Electronics. Nuclear engineering
650 _a Industrial engineering. Management engineering
650 _a Information technology
650 _a Technology (General)
650 _a Telecommunication | Technology
650 _aTechnology
856 _uhttps://doaj.org/toc/515ad2210aa844d2a88ae5e24e7838c5
942 _2ddc
942 _cDOAJEJ
999 _c74609
_d74609
945 _a1
_bMadushi Gamage
_c1
_dMadushi Gamage